00570nam a22001817a 4500003000400000005001700004008004100021020001800062040002900080050002000109100002300129245006600152260006400218300004700282650002700329942001500356999001700371OSt20260617153142.0260617b |||||||| |||| 00| 0 eng d a9780415690140 cChuka University Library aLB 1067.5b2012 aHattie John928678 aVisible Learning for Teachers ;Maximizing impact on Learning aLondon and New YorkbRoutledge Taylor& Francis Groupc2012 ax 286 pages billustrated includes indexes aVisual Learning929855 2lcccBKn0 c24616d24616